000 01243nam a22002897a 4500
003 OSt
005 20221020131724.0
007 cr ||||||a|c|a
008 221020s mx a|||fom||| 001 0 spa d
040 _erda
100 1 _9126017
_aGutiérrez Hernández, José Orbelin
245 1 _aControl del déficit de presión de vapor (DPVc) en cultivos de invernadero con sistemas de nebulización/
_cpor José Orbelin Gutiérrez Hernández.
264 _aChapingo, México :
_bEl autor,
300 _a1 recurso en línea ( 115 páginas).
_bcuadros, figuras
336 _2rdacontent
_atexto
_btxt
337 _2rdamedia
_acomputadora
_bc
338 _2rdacarrier
_arecurso en línea
_bcr
502 _bDIAUIA
_cIrrigación y Mecánica
_d2020
_gDOC
504 _aIncluye referencias bibliográficas: páginas
650 2 _9126353
_aInvernaderos
_xVentilación
650 7 _9117902
_aVapor
_xEfecto en plantas
650 2 _9131767
_aCultivos en invernadero
_xVapor
_xMedición
650 2 _9129511
_aTomate
_xControl ambiental
700 0 _941189
_aFitz Rodríguez, Efrén
_eDirector de Tesis.
856 _uhttp://10.13.5.2/tesis/td/2020_IM_Gutierrez_Hernandez_JoseOrbelin.pdf
_zDESCARGAR PDF
942 _2Clasificación Universidad Autónoma Chapingo
999 _c217661
_d217661